| 000 | 01214nam a2200301Ia 4500 | ||
|---|---|---|---|
| 001 | ebr10315841 | ||
| 003 | CaPaEBR | ||
| 006 | m u | ||
| 007 | cr cn||||||||| | ||
| 008 | 010212s2001 mau sb 001 0 eng d | ||
| 010 | _z 2001020420 | ||
| 020 | _z9780674011090 | ||
| 020 | _z067400602X | ||
| 040 |
_aCaPaEBR _cCaPaEBR |
||
| 035 | _a(OCoLC)435534174 | ||
| 050 | 1 | 4 |
_aLB1028.5 _b.C77 2001eb |
| 100 | 1 | _aCuban, Larry. | |
| 245 | 1 | 0 |
_aOversold and underused _h[electronic resource] : _bcomputers in the classroom / _cLarry Cuban. |
| 260 |
_aCambridge, MA : _bHarvard University Press, _cc2001. |
||
| 300 | _a250 p. | ||
| 504 | _aIncludes bibliographical references (p. 202-242) and index. | ||
| 533 |
_aElectronic reproduction. _bPalo Alto, Calif. : _cebrary, _d2009. _nAvailable via World Wide Web. _nAccess may be limited to ebrary affiliated libraries. |
||
| 650 | 0 |
_aComputer-assisted instruction _zUnited States _xHistory. |
|
| 650 | 0 |
_aEducational technology _zUnited States _xEvaluation. |
|
| 655 | 7 |
_aElectronic books. _2local |
|
| 710 | 2 | _aebrary, Inc. | |
| 856 | 4 | 0 |
_uhttp://site.ebrary.com/lib/rucke/Doc?id=10315841 _zAn electronic book accessible through the World Wide Web; click to view |
| 999 |
_c59122 _d59122 |
||